| 000 | 00549nam a2200145Ia 4500 | ||
|---|---|---|---|
| 008 | 170221s9999 xx 000 0 und d | ||
| 100 | _aKristina Unanyan | ||
| 245 | _aWalk a Mile in the Shoes of a Copyright Troll: Analyzing and Overcoming the Joinder Issue in BitTorrent Lawsuits | ||
| 245 | _cKristina Unanyan | ||
| 260 | _bThe Journal of Business, Entrepreneurship & the Law | ||
| 260 | _cNovember 2016 | ||
| 300 | _a5 : 4 | ||
| 650 | _xBusiness | ||
| 856 | _uhttp://digitalcommons.pepperdine.edu/cgi/viewcontent.cgi?article=1133&context=jbel | ||
| 999 |
_c309887 _d309887 |
||